000
00268nam a2200097Ia 4500
001
997149
005
20250826221518.0
008
250824s9999 xx 000 0 und d
245
0
_a
UZAY MACERALARI-GİZEMLİ ADA
_c
NAZLI ASPAY SENER
260
_b
GENÇ HAYAT ÇOCUK YAYINLARI
999
_c
997149
_d
997149